000 00486nam a2200145Ia 4500
008 100204s9999 xx 000 0 und d
082 _b6362
100 _aताम्हणकर ना. धो.
245 _aखडकावरला अंकुर
260 _b"कंंे. भि. ढवळे , मुंबई"
_c1983 7
300 _a140
630 _aखडकावरला अंकुर
730 _aखडकावरला अंकुर
942 _cBOOK
999 _c450824
_d450821